[Event "Balkan Youth Online-ch 2020"]
[Site "Online"]
[Date "2020.10.31"]
[Round "3.46"]
[White "Karousos-Theodorakis, Nikolaos"]
[Black "Gavrilescu, David"]
[Result "0-1"]
[WhiteElo "2244"]
[BlackElo "2476"]
[Annotator "TA"]
[PlyCount "104"]
[EventDate "2020.10.31"]
[EventType "swiss"]
[SourceTitle "playchess.com"]
[Source "ChessBase"]
[SourceQuality "1"]

{[%evp 20,104,51,26,62,34,51,38,39,48,51,39,52,54,63,50,61,56,86,43,143,32,50,0,0,0,0,0,0,0,0,0,0,-385,-379,-360,-379,-364,-352,-343,-333,-550,-548,-513,-489,-564,-560,-564,-546,-531,-489,-566,-562,-549,-546,-546,-546,-533,-531,-605,-524,-857,-829,-12834,-12835,-12838,-12839,-12839,-12838,-12841,-12842,-12843,-12841,-12841,-12842,-12843,-12841,-12841,-12841,-12843,-12842,-12843,-12843,-12845,-12843,-12844,-12842]} 1. e4 c5 2. Nf3 a6 3. c4 e6 4. Nc3 Qc7 5. d4 cxd4 6. Nxd4 Nf6 7. Be2 b6 8. O-O Bb7 9. Qd3 d6 10. f4 Nbd7 11. b4 Be7 {B41: Sicilian: Kan Variation: 5 c4.} 12. Be3 O-O 13. a3 Rac8 {White is slightly better.} 14. Rac1 Rfd8 15. Nb3 Qb8 16. Nd2 Qa8 17. Bf3 {[#]} g6 $146 ({Predecessor:} 17... h6 18. Rfe1 Qb8 19. Rc2 Rc7 20. g3 Rdc8 21. Rec1 Ne8 {½-½ (30) Matozo,P (2227)-Reynoso,G (2204) ICCF email 2018}) 18. g4 b5 19. cxb5 d5 {[#]} ({Black should play} 19... g5 $14) 20. e5 ({White should try} 20. exd5 $1 $16 {Black must now prevent d6.} axb5 21. dxe6 (21. Qxb5 Ba6 $14) 21... fxe6 22. Qe2 (22. Qxb5 Bxf3 23. Nxf3 Qxa3 $11)) 20... Ne4 $1 $14 21. Bd4 {[%cal Rc3e4]} ({Reject} 21. Ndxe4 dxe4 22. Bxe4 Nxe5 $15) (21. Nb3 {seems wilder.} axb5 22. Nxb5 Ba6 23. N3d4 Nb6 24. Qb3) 21... axb5 $1 22. Ncxe4 dxe4 23. Bxe4 Bxe4 24. Nxe4 Rxc1 25. Rxc1 Nb6 $1 26. Qf3 $2 {[%mdl 8192] Black keeps a firm grip on the game.} (26. Qe3 $11 {and White has nothing to worry.} Nc4 27. Qf3) 26... Rxd4 $19 27. Nf6+ Bxf6 28. Qxa8+ Nxa8 29. exf6 {[%mdl 4096] Endgame White wants to mate with Rc8+. KRN-KR} Nb6 30. Rc5 $2 (30. Rc6 {was necessary.} Nd7 31. Rc8+ Nf8 32. Rc5) 30... Rxf4 {Black is clearly winning.} 31. Rxb5 Rxg4+ 32. Kf2 Nd7 33. a4 Nxf6 34. a5 Rc4 35. a6 {a7 is the strong threat.} Rc2+ 36. Kf3 {Strongly threatening a7.} Ra2 37. Rb8+ Kg7 38. b5 Nd5 39. Rc8 Nb4 40. Ra8 {[#]} Nxa6 $1 41. Rxa6 Rxh2 {KR-KR} 42. Rb6 Rb2 43. Rb7 h5 44. Kf4 h4 45. Kg4 Rb4+ 46. Kh3 g5 47. b6 Kg6 48. Rb8 Kf5 {( -> ...g4+)} 49. b7 Rb3+ 50. Kh2 g4 51. Kg2 Rb2+ 52. Kg1 h3 {Av CentiPawn Loss W=-56/B=-10. Weighted=-91/-12} 0-1

[Event "Balkan Youth Online-ch 2020"]
[Site "Online"]
[Date "2020.10.31"]
[Round "3.47"]
[White "David, Bogdan-Emanuel"]
[Black "Alivodic, Dario"]
[Result "1/2-1/2"]
[WhiteElo "2092"]
[BlackElo "2093"]
[Annotator "TA"]
[PlyCount "163"]
[EventDate "2020.10.31"]
[EventType "swiss"]
[SourceTitle "playchess.com"]
[Source "ChessBase"]
[SourceQuality "1"]

{[%evp 16,162,-6,-21,-14,-5,0,0,0,0,0,-9,12,0,0,-17,26,17,58,31,50,23,41,41,50,45,176,180,176,104,172,145,152,155,193,196,226,211,221,180,185,183,173,182,177,172,172,119,324,288,319,319,316,325,325,316,310,304,333,350,328,327,320,320,320,320,320,320,5193,320,320,320,320,320,728,569,999,962,1076,954,1162,1830,1977,558,1881,1195,1030,245,162,13,170,51,51,51,87,10,67,0,0,0,0,-28000,-28000,-28000,-28000,-28000,-28000,-28000,-28000,-28000,-28000,-28000,-28000,-28000,-28000,-28000,-28000,-28000,-28000,-28000,-28000,-28000,-28000,-28000,-28000,-28000,-28000,-28000,-28000,-28000,-28000,-28000,-28000,-28000,-28000,-28000,-28000,-28000,-28000,-28000,-28000,-28000,-28000,-28000,-28000,-28000,-28000,-28000,-28000]} 1. e4 e6 2. Qe2 c5 3. Nf3 Nc6 4. g3 Be7 5. Bg2 d5 6. d3 Nf6 7. O-O O-O 8. e5 Nd7 9. c4 a6 {C00: French: Unusual White 2nd moves.} 10. Nc3 d4 11. Ne4 Rb8 {The position is equal.} 12. Bf4 b5 13. b3 {[#]} Re8 $146 ({Predecessor:} 13... Bb7 14. g4 bxc4 15. bxc4 Nb6 16. Qd1 Nd7 {½-½ (16) Hale,A (2105)-Zordick,M (2262) ICCF email 2017}) 14. h4 Rb6 15. Rfc1 b4 16. Re1 Nf8 17. h5 h6 18. Qd2 Nb8 19. Nh2 $36 {[%mdl 2048] White fights for an advantage.} Nbd7 20. Ng4 f5 ({Black should play} 20... Nh7 $14) 21. exf6 $1 $18 Nxf6 22. Ngxf6+ ({Only move:} 22. Nexf6+ $18 Bxf6 23. Nxf6+ Qxf6 24. Bc7) 22... Bxf6 (22... gxf6 $16 23. Bxh6 e5) 23. Nxc5 e5 24. Qe2 Kh8 25. Bd2 Ne6 26. Nxe6 Rbxe6 27. Bxb4 e4 28. Bxe4 Rxe4 29. dxe4 d3 30. Qe3 Bd4 31. Qf3 (31. Qd2 $1 $18 Qf6 32. Rac1 (32. Qxd3 $2 Qxf2+ 33. Kh1 Re5 $19)) 31... Re6 $2 (31... d2 $16) 32. Rad1 Rf6 33. Qxd3 Bxf2+ 34. Kg2 Qxd3 35. Rxd3 Bxe1 36. Bxe1 {[%mdl 4096] Endgame Hoping for Rd8+. KRB-KRB} Bb7 37. Rd8+ Kh7 38. Re8 {And now Re7 would win.} Bc6 39. Re7 {Strongly threatening Bc3.} Kg8 40. Bc3 Rf7 41. Rxf7 Bxe4+ $2 {[#]} (41... Kxf7 42. Kf3 g6 43. hxg6+ Kxg6) 42. Kf2 $2 (42. Rf3 $1 Bc2 (42... Bxf3+ 43. Kxf3) 43. Kf2) 42... Kxf7 {KB-KB} 43. Ke3 Bb1 44. Kd2 Be4 $2 (44... g5 45. hxg6+ Bxg6) 45. a4 Bf3 {[#]} 46. b4 $1 Bxh5 47. b5 g5 48. Ke3 Ke6 49. Bg7 (49. bxa6 $142 {Threatens to win with a7.} Be8 50. Kd4) 49... Kd6 50. Kd4 Bd1 51. c5+ $2 (51. Bxh6 Bxa4 52. bxa6) 51... Kc7 52. Be5+ (52. Bxh6 $18 Kb7 53. c6+ (53. Bxg5 Bxa4 54. b6 Kc6 $18) 53... Kb6 54. a5+ (54. Bxg5 axb5 55. axb5 Bg4 $18) 54... Kxa5 55. bxa6 (55. Bxg5 Kxb5 56. c7 Bg4 $11)) 52... Kc8 $2 {[#]} (52... Kb7 $1 $11 {and Black is okay.}) 53. bxa6 ({White has to play} 53. a5 $1 $18) 53... Bxa4 $14 54. Kd5 {Threatening mate with c6.} Kd7 55. Bg7 (55. Bd6 $16) 55... h5 $1 $11 56. Bf6 (56. Bd4 $1 $14) 56... h4 57. gxh4 (57. g4 {looks sharper.} h3 58. Be5 Bb5 59. a7 Bc6+ 60. Kd4) 57... gxh4 58. Bxh4 Bc6+ {Mate.} 59. Kc4 Kc8 60. Bg3 Kd7 61. Kb4 Kc8 62. Ka5 Kd7 63. Kb6 Bf3 64. Bf4 Be4 65. Ka7 Kc8 66. Kb6 Kd7 67. Be5 Bf3 68. Bb8 Be4 69. Ka7 Kc8 70. Bf4 Bf3 71. Bg3 Be4 72. Kb6 Kd7 73. a7 Ba8 74. Bf4 Bf3 75. Kb5 Ba8 76. Kc4 Bf3 77. Kd4 Kc8 78. Bd6 Kb7 79. Bb8 Ka8 80. Ke5 Bb7 81. Kd6 Bc6 82. Kxc6 {What a bad dream for White. Av CentiPawn Loss W=20671/B=-379. Weighted=16696/-296} 1/2-1/2

[Event "Balkan Youth Online-ch 2020"]
[Site "Online"]
[Date "2020.10.31"]
[Round "3.48"]
[White "Vlachos, Anatole"]
[Black "Tisaj, Domen"]
[Result "1/2-1/2"]
[WhiteElo "2437"]
[BlackElo "2274"]
[Annotator "TA"]
[PlyCount "259"]
[EventDate "2020.10.31"]
[EventType "swiss"]
[SourceTitle "playchess.com"]
[Source "ChessBase"]
[SourceQuality "1"]

{[%evp 12,259,18,-12,-8,-6,-21,-20,-18,-27,-20,-20,-29,-24,-16,-69,-33,-29,0,-157,-48,-57,-12,-110,7,-2,29,0,0,-32,-12,-21,32,-2,0,0,0,0,0,0,0,0,0,0,0,-2,-10,-17,-16,-25,-29,-33,-10,-33,-10,-10,-4,-11,-7,-7,-1,-1,-1,-1,-6,-6,-1,-6,0,0,0,-4,0,0,-2,-12,0,0,0,0,0,0,0,0,0,0,0,0,0,0,0,0,0,0,0,0,0,0,0,0,0,0,0,0,0,0,0,0,0,0,0,0,0,0,0,0,0,0,0,0,0,0,0,0,0,0,0,0,0,0,0,0,0,0,0,0,0,0,0,0,0,-2,0,0,0,0,0,0,0,0,0,0,0,0,0,0,0,0,0,0,0,0,0,0,0,0,0,0,0,0,0,0,0,0,0,0,0,0,0,0,0,0,0,0,0,0,0,0,0,0,0,0,1404,1404,1384,0,0,0,1381,1384,1284,1273,1262,470,1187,470,949,833,737,0,0,0,0,0,0,0,0,0,0,0,0,0,0,0,0,0,0,0,0,0,0,0,0,0,0,0,0,0,0,0,0,0,0,0,0,0,0,0,0,0]} 1. Nf3 Nf6 2. g3 g6 3. Bg2 Bg7 4. O-O O-O 5. d3 d5 6. Nbd2 d4 7. e4 dxe3 {A07: Réti Opening: New York and Capablanca Systems.} 8. fxe3 c5 9. Nc4 Nc6 10. a4 Be6 11. Qe2 Bxc4 12. dxc4 {[#]} Ne4 $146 ({Predecessor:} 12... Nd7 13. Ra3 Qc7 14. Rd3 Nde5 15. Nxe5 Nxe5 16. Rdd1 Rad8 17. Rxd8 Rxd8 18. b3 b6 {1-0 (43) Emami,M (2154)-Kummerow,H (2326) Bad Wildbad 2000}) 13. c3 (13. Nd2 $11 Nxd2 14. Bxd2) 13... e6 14. Qc2 f5 15. Ne1 $2 (15. Nd2 $11) 15... Qd7 (15... Ne5 $1 $17 16. b3 Qd6) 16. Nd3 $1 $15 Qe7 17. Nf4 (17. Nf2 $11) 17... Nf6 (17... Ne5 $17 18. Qe2 Rad8) 18. e4 $11 fxe4 19. Be3 Ne5 20. b3 Neg4 21. Rae1 Bh6 (21... Rad8 $11) 22. Bxe4 e5 23. Nd5 Bxe3+ 24. Nxe3 Nxe3 25. Rxe3 Ng4 26. Ref3 Rxf3 27. Rxf3 Rf8 28. Qg2 b6 29. h4 Kg7 30. Qe2 Rxf3 31. Qxf3 h5 32. Bd3 Qd6 33. Qe4 Qf6 34. Qb7+ Kh6 35. Qg2 e4 {[%mdl 64] Discovered Attack} 36. Bxe4 Qxc3 37. Qf3 Qe1+ 38. Kg2 $132 {[%mdl 2048] White is not keeping still} Qd2+ 39. Kg1 Qd4+ 40. Kg2 Kg7 41. Bd5 Qd2+ 42. Kg1 Qe1+ 43. Kg2 Ne5 44. Qf4 Qe2+ 45. Kg1 Qd1+ 46. Kg2 Qd4 47. Qg5 {aiming for Qe7+.} Ng4 48. Qe7+ Kh6 $1 49. Qg5+ Kh7 50. Qe7+ Qg7 51. Qe2 Qf6 52. Kh3 Kg7 53. Bf3 Ne5 54. Bd5 Qf5+ 55. Kg2 Kf6 56. Qe3 Ng4 57. Qc3+ Qe5 58. Qf3+ Qf5 59. Qc3+ Ne5 60. b4 Qd3 61. Qc1 Qe2+ 62. Kg1 Qg4 ({Stronger than} 62... cxb4 63. Qg5+ Kg7 64. Qe7+ $1 {[%mdl 512]} Nf7 65. Qxf7+ Kh6 66. Qf8+ Kh7 67. Qg8+ Kh6 68. Qh8#) 63. Qf1+ Kg7 64. Qe1 Qd4+ 65. Kh1 cxb4 {[%mdl 64] Overworked Piece} 66. Qxb4 Qd1+ 67. Kg2 {White wants to mate with Qe7+!} Qe2+ 68. Kg1 Ng4 69. Qc3+ Kh7 70. Qf3 $1 {[%cal Rf3f7]} Qe1+ 71. Kg2 {Qf7+ would kill now.} Qd2+ 72. Kg1 Qe3+ 73. Kg2 {White threatens Qf7+ and mate.} Qe7 (73... Qd2+ {with more complications.}) 74. Be4 Kg7 75. Bd5 Nf6 76. Qd3 Qd7 77. Qb3 Qd6 78. Qe3 Qd7 79. Qe5 Qd8 80. Qe6 Qf8 81. Qe5 Kh7 82. Be4 Kg7 83. Bd5 Kh7 84. Be4 Qf7 85. Bd3 Kg7 86. c5 bxc5 87. Qxc5 Qb7+ 88. Kg1 Qd7 89. Bc2 Ng4 90. Qc3+ Kh7 91. Qc5 {Hoping for Qxh5+.} Kg7 92. a5 Qf7 ({Reject} 92... Qd2 $6 93. Qe7+ Kh8 94. Qe8+ Kg7 95. Qxg6+ Kf8 96. Qf5+ Kg7 97. Qh7+ Kf8 98. Qh8+ Ke7 99. Qg7+ Kd6 100. Qf8+ Kc6 101. Ba4+ Kc7 102. Qf4+ Qxf4 103. gxf4 $16) 93. Qd4+ Kh7 94. a6 Qe7 {White must now prevent ...Qe1+.} 95. Qc3 Qd6 (95... Qe2 $5 96. Qc7+ $8 {[%mdl 64] Double Attack} Kh6 97. Qf4+ Kg7 98. Qc7+ Kh6 99. Qf4+ Kg7 100. Qd4+ Kh7 101. Qxa7+ Kh6 $11) 96. Kg2 Qd5+ 97. Kg1 Qf7 {( -> ...Qf2+)} 98. Qc5 {Qxh5+ is the strong threat.} Kg7 (98... Qe6 {feels hotter.} 99. Qc7+ Kh6 100. Qf4+ Kh7 101. Qc7+) 99. Qd4+ Nf6 (99... Kh7 {seems wilder.} 100. Bd1 Nh6 101. Qe5 Nf5 102. Be2 Qg7) 100. Qb2 Qe7 101. Qb7 Kf7 $2 {[%mdl 8192]} (101... Nd7 $11) 102. Bxg6+ $18 Kf8 103. Qb8+ Kg7 104. Qb7 Kf8 $1 {[#]} 105. Qxe7+ $1 Kxe7 {[%mdl 4096] Endgame KB-KN} 106. Kf2 Ke6 107. Ke3 (107. Kf3 $142 Ke5 108. Bf7) 107... Ke5 (107... Nd5+ $142 108. Ke4 Nc7 109. Bxh5 Nxa6 110. Bg4+ Kf6) 108. Kd3 (108. Kf3 $142 Nd5 109. Bxh5) 108... Kd5 (108... Nd5 $142 109. Bxh5 Nb4+ 110. Ke3 Nxa6) 109. Kc3 Kc5 110. Bf7 $2 ({White should try} 110. Kd2 $18 {Threatens to win with Ke3.} Kd6 111. Ke3) 110... Ne4+ $11 {The position is equal.} 111. Kd3 Nxg3 112. Be6 Kd6 $1 {[%cal Rd6e6]} 113. Bh3 Ke5 114. Kc4 Ne4 115. Bg2 Ng3 116. Kc5 Nf5 117. Bf3 Nxh4 118. Bxh5 Nf5 119. Kc6 Ne7+ 120. Kb7 Kd6 121. Kxa7 Kc7 122. Bf3 Nc8+ 123. Ka8 Nd6 124. Bd5 Nb5 125. Bc4 Nd4 126. Bd3 Nc6 127. Be4 Nb4 128. Bb7 Kb6 129. Kb8 {Intending a7 and mate.} Nxa6+ 130. Bxa6 {Black escapes into a draw. Av CentiPawn Loss W=-12/B=-37. Weighted=-14/-29} 1/2-1/2

[Event "Balkan Youth Online-ch 2020"]
[Site "Online"]
[Date "2020.10.31"]
[Round "3.49"]
[White "Omorjan, Dejan"]
[Black "Miletic, Vuk"]
[Result "0-1"]
[WhiteElo "2259"]
[BlackElo "2106"]
[Annotator "TA"]
[PlyCount "116"]
[EventDate "2020.10.31"]
[EventType "swiss"]
[SourceTitle "playchess.com"]
[Source "ChessBase"]
[SourceQuality "1"]

{[%evp 14,116,4,12,15,2,14,10,20,5,8,0,0,-3,-1,-45,-47,-110,-105,-189,-113,-161,-90,-104,-89,-106,-94,-100,-111,-145,-138,-171,-182,-228,-235,-234,-232,-235,-222,-988,-909,-903,-881,-870,-672,-729,-349,-333,-305,-296,-304,-317,-302,-315,-289,-292,-274,-287,-282,-332,-331,-352,-352,-352,-352,-352,-352,-345,-337,-520,-505,-601,-601,-601,-560,-1019,-928,-1357,-1274,-2260,-1885,-4652,-2839,-4315,-3777,-2850,-2686,-1946,-1806,-29972,-29971,-29980,-29980,-29978,-29977,-29976,-29976,-29976,-29976,-29980,-29980,-29978,-29980,-29980,-29980]} 1. e4 c5 2. Nf3 g6 3. d4 cxd4 4. Qxd4 Nf6 5. Nc3 Nc6 6. Qa4 d6 7. e5 dxe5 8. Nxe5 {White wants to play Bc4.} Bg7 {B27: Sicilian: 2 Nf3, unusual Black 2nd moves.} 9. Nxc6 bxc6 10. Qxc6+ Bd7 {The position is equal.} 11. Qa6 O-O {[#]} 12. Bd3 $146 ({Predecessor:} 12. Be2 Qc7 13. Bf3 Rab8 14. O-O Ng4 15. Bxg4 Bxg4 16. Nd5 Qxc2 17. Nxe7+ Kh8 18. Qxa7 {1-0 (75) Priasmoro,N (2502)-Jones,G (2670) chess.com INT 2020}) 12... Qc7 13. h3 Qe5+ 14. Ne2 Ne4 {[%mdl 1024] Black has compensation.} 15. f4 ({White should try} 15. O-O $15) 15... Qc5 $17 16. Rf1 (16. Bxe4 $17 {was necessary.} Qb4+ {[%mdl 64] Double Attack} 17. Kf2 Qxe4 18. Qd3 Qxd3 19. cxd3) 16... Nd6 ({Black should play} 16... Rfb8 $19 17. Qc4 Qa5+ 18. c3 Nxc3 $1 {[%mdl 512]} 19. Nxc3 (19. bxc3 $2 Be6 $19) 19... Be6) 17. c3 Rfb8 ({Better is} 17... Bc6 $19 18. Rf2 Rfd8) 18. Rf3 Bc8 19. Qa4 Bb7 20. Be3 Qh5 $1 21. Rf2 {[#]} Bxg2 $1 {[%mdl 576] Discovered Attack, Decoy} 22. Rxg2 {[#] And now 0-0-0 would win.} Qd5 $1 {[%cal Rd5d3]} 23. Rg3 {0-0-0 is the strong threat.} Qxd3 24. Bd4 Qe4 25. b3 Nf5 $40 {[%mdl 128] Black goes for the king.} 26. Rg1 $2 (26. Bxg7 Nxg3 27. Qxe4 Nxe4 28. Bd4) 26... Bxd4 27. cxd4 Rc8 {Hoping for ...Rc2.} 28. Rd1 Rc2 {[%csl Gc2][%cal Re4e2]} 29. Qa6 Rd8 (29... Rc3 $142 {Threatens to win with ...Rac8.} 30. Qb5 Nh4) 30. Qd3 $19 Qxd3 31. Rxd3 Rxa2 32. d5 e6 33. Kf2 Rxd5 34. Rxd5 exd5 {[%mdl 4096] Endgame KRN-KRN} 35. Rd1 d4 36. Kf3 Rb2 37. Rd3 Kg7 38. Ng3 Nxg3 39. Kxg3 {KR-KR} Kf6 40. Rxd4 Rxb3+ 41. Kg2 (41. Kg4 $142) 41... Ra3 42. Rd5 a5 43. Rb5 Kg7 44. h4 f5 45. h5 Kh6 46. hxg6 hxg6 47. Rb6 Kh5 48. Ra6 a4 49. Rb6 Rb3 50. Ra6 a3 51. Kh2 Kg4 {Black mates.} 52. Rxg6+ Kxf4 53. Ra6 Ke4 54. Kg2 f4 55. Re6+ Kd4 56. Ra6 Kc3 57. Kf3 Kb2+ 58. Kxf4 a2 {Av CentiPawn Loss W=-98/B=-66. Weighted=-83/-71} 0-1

[Event "Balkan Youth Online-ch 2020"]
[Site "Online"]
[Date "2020.10.31"]
[Round "3.50"]
[White "Akdag, Omer Amir"]
[Black "Eftovski, Mateo"]
[Result "1-0"]
[WhiteElo "1970"]
[BlackElo "1818"]
[Annotator "TA"]
[PlyCount "95"]
[EventDate "2020.10.31"]
[EventType "swiss"]
[SourceTitle "playchess.com"]
[Source "ChessBase"]
[SourceQuality "1"]

{[%evp 16,94,6,0,32,23,10,10,19,-11,0,0,0,0,0,0,0,0,14,10,9,9,22,0,0,0,0,0,18,25,39,0,256,36,62,42,91,75,110,130,117,103,429,438,433,435,431,410,419,418,402,402,401,382,377,368,373,361,366,366,333,332,476,481,587,541,583,581,564,523,536,510,736,658,29981,29981,29982,29983,29982,29983,29999]} 1. d4 Nf6 2. Nf3 d5 3. e3 Bg4 4. Be2 Nbd7 5. O-O e6 6. b3 c6 7. Bb2 Bd6 8. c4 O-O 9. Nbd2 Bxf3 {A12: English Opening: 1...c6 with b3 by White.} 10. Bxf3 Re8 11. Qc2 e5 {[#] The position is equal.} 12. e4 $146 {[%cal Re4d5]} ({Predecessor:} 12. dxe5 Nxe5 13. Rad1 dxc4 14. Bxe5 Bxe5 15. Nxc4 Qe7 16. Nxe5 Qxe5 17. Rd2 Rad8 18. Rfd1 {1-0 (73) Barrett,S (2181)-Milson,S England 2010}) 12... dxe4 13. Nxe4 Nxe4 14. Bxe4 {And now c5 would win.} exd4 {Strongly threatening ...Qh4!} 15. Bxh7+ Kh8 16. g3 c5 {With the idea ...g6.} 17. Be4 Rb8 18. Rae1 Nf6 19. Bf5 Qa5 20. Rxe8+ Rxe8 21. Bc1 Qc7 22. Bg5 Nd7 23. f3 Ne5 $2 {[%mdl 8192] [#]} (23... g6 $11 {and Black stays safe.} 24. Bd3 Be7) 24. Qg2 $2 (24. Qe4 $1 $18 {[%cal Re4h4][%mdl 512] Intending Qh4+ and mate.} Kg8 25. f4) 24... Ng6 25. Be4 Qd7 26. f4 Qe6 27. Bd5 $36 {[%mdl 2048] White is really pushing.} Qe3+ 28. Kh1 Kg8 $2 {[%mdl 8192] [#] Loses the game.} (28... Rf8 $16) 29. f5 $1 $18 {[%mdl 64] aiming for Bxf7+! Discovered Attack} Qxg5 30. fxg6 Qxg6 31. Bxf7+ Qxf7 32. Rxf7 Kxf7 {[%mdl 4096] Endgame KQ-KRB} 33. Qd5+ Re6 34. Qxb7+ Be7 35. Qd5 Kf6 36. g4 {[%csl Gg4][%cal Rd5f5]} Re5 37. Qf3+ Ke6 38. Kg2 Bd6 (38... g6 {is a better defense.} 39. Kf1 a5) 39. h4 Re3 40. Qf5+ Ke7 41. Qg5+ {[%mdl 64] Double Attack} Kf7 42. Qd5+ Ke7 43. Qb7+ Kf6 44. Qd7 Re6 45. g5+ {White mates.} Ke5 46. Qxg7+ Ke4 47. Qf7 Re5 48. Qf3# {Av CentiPawn Loss W=57/B=-57. Weighted=8/-55} 1-0

[Event "Balkan Youth Online-ch 2020"]
[Site "Online"]
[Date "2020.10.31"]
[Round "3.52"]
[White "Triantos, Konstantinos"]
[Black "Vogli, Erjon"]
[Result "0-1"]
[WhiteElo "2210"]
[BlackElo "1512"]
[Annotator "TA"]
[PlyCount "68"]
[EventDate "2020.10.31"]
[EventType "swiss"]
[SourceTitle "playchess.com"]
[Source "ChessBase"]
[SourceQuality "1"]

{[%evp 18,68,-29,-32,-20,-104,-35,-55,-22,-77,-65,-72,-77,-66,-72,-100,-105,-101,-109,-220,-226,-421,-424,-397,-406,-379,-402,-387,-249,-267,-187,-850,-846,-1679,-1633,-6037,-5227,-3577,-3450,-2967,-2905,-2360,-2355,-2925,-2675,-12839,-12834,-29990,-29991,-29991,-29992,-29998,-29999]} 1. e4 c5 2. Nf3 Nc6 3. d4 cxd4 4. Nxd4 e6 5. Nxc6 bxc6 6. Bd3 d5 7. O-O Nf6 8. exd5 cxd5 9. Nd2 Bd6 10. Nf3 O-O {B40: Sicilian: 2...e6, Unusual lines.} 11. Bg5 {[#]} (11. Re1 $11) 11... e5 (11... h6 $1 $17 {[%cal Rh6g5]} 12. Bh4 e5) 12. Be2 $1 $15 Bb7 {Black is slightly better.} 13. c3 {[#]} (13. c4 $11 {keeps the balance.}) 13... h6 $146 ({Predecessor:} 13... a6 14. Qa4 Re8 15. Qh4 Re6 16. Bd1 h6 17. Bd2 Be7 18. Qh3 Ne4 19. Be3 Bc8 20. g4 Ng5 {0-1 (40) Frederiksen,J-Beadle,J Guernsey 1991}) 14. Bh4 g5 15. Bg3 Qe7 $36 {[%mdl 2048] Black is in control.} 16. Qb3 {Black continues to play with concentration.} Rab8 17. Rfe1 Ne4 {White must now prevent ...Ba8.} 18. Qc2 {[#]} (18. Bd1 $17 {was called for.}) 18... f5 $1 $19 {[%cal Rf5f4] Threatens to win with ...f4.} 19. h3 $2 (19. Bxe5 {was worth a try.} Bxe5 20. Nxe5 Qxe5 21. f3) 19... Nxg3 20. fxg3 e4 21. Nd4 Bxg3 22. Rf1 f4 23. Bg4 Bc8 24. Kh1 $2 (24. Rad1) 24... Bxg4 25. hxg4 {[#]} h5 $1 {[%mdl 512]} 26. Qd1 (26. gxh5 g4) 26... hxg4 27. Qxg4 Qh7+ 28. Qh3 Qxh3+ 29. gxh3 Rxb2 30. Ne6 Rf6 31. Nxg5 Rg6 32. h4 Rh2+ {[%mdl 64] Double Attack. Black mates.} 33. Kg1 Rxh4 34. Nf3 Be1+ {[%mdl 64] Discovered Attack. Av CentiPawn Loss W=-146/B=-63. Weighted=-133/-45} 0-1

[Event "Balkan Youth Online-ch 2020"]
[Site "Online"]
[Date "2020.10.31"]
[Round "3.53"]
[White "Sukovic, Darko"]
[Black "Iustin, Silviu"]
[Result "1/2-1/2"]
[WhiteElo "1938"]
[BlackElo "1998"]
[Annotator "TA"]
[PlyCount "93"]
[EventDate "2020.10.31"]
[EventType "swiss"]
[SourceTitle "playchess.com"]
[Source "ChessBase"]
[SourceQuality "1"]

{[%evp 9,93,-27,-27,-39,-11,-35,-13,-18,-19,-141,-131,-228,-140,-97,-74,-181,-162,-227,-129,-144,-15,-8,-8,-8,-8,-8,-8,-50,-40,-48,15,15,15,15,15,14,14,16,23,11,20,12,13,0,0,0,0,0,0,0,0,0,0,0,0,0,0,0,0,0,0,0,0,0,0,0,0,0,0,0,0,0,0,-8,0,0,-2,-8,-8,-8,-8,-8,0,0,0,0]} 1. d4 Nf6 2. Nf3 g6 3. Bg5 Bg7 4. g3 c5 5. c3 O-O 6. Bg2 {A48: 1 d4 Nf6 2 Nf3 g6: Torre, London and Colle Systems.} Qb6 7. Qc1 {[#]} cxd4 $146 ({Predecessor:} 7... Nc6 8. dxc5 Qxc5 9. Nbd2 Re8 10. O-O d6 11. Re1 Qb6 12. e4 Ng4 13. Re2 h6 {1-0 (39) Pribyl,R (2090)-Bures,V (2190) Czechia 2003}) 8. cxd4 Nc6 9. e3 (9. O-O $11) 9... Ne4 $1 $17 {[%cal Re4g5]} 10. Bf4 (10. Nc3 $17 Nxc3 11. Qxc3 (11. bxc3 $2 f6 $19)) 10... d6 {aiming for ...e5.} 11. O-O Bd7 12. h3 (12. Nbd2 $17 Nf6 13. Qc3) 12... Rac8 {[%cal Rc6d4] And now ...Nxd4 would win.} 13. Qc2 (13. Nc3 {might work better.} Nxc3 14. bxc3) 13... Bf5 (13... Nxd4 $19 14. Qxe4 Bc6 15. Qxd4 Bxd4 16. exd4 Qxb2) 14. Qb3 Qxb3 (14... e5 $17 15. Ng5 Nxf2 16. Qxb6 axb6 17. Kxf2 exf4 18. gxf4 Nxd4 $1 {[%mdl 512]}) 15. axb3 $11 e5 16. dxe5 $1 dxe5 17. Nxe5 Nxe5 18. Bxe5 (18. g4 {keeps more tension.} Nxf2 19. gxf5 Nfd3 20. Bxe5 Nxe5 21. Rxa7 Bh6 22. Rxb7 Bxe3+ 23. Kh1) 18... Bxe5 19. g4 {[#]} Bxg4 (19... Ng3 $1 $15 {[%mdl 512]} 20. fxg3 Bd3) 20. hxg4 Nd6 ({Don't blunder} 20... Bxb2 $2 21. Ra2 $18) 21. Rxa7 Bxb2 22. Rd1 Rfd8 23. Ra2 Bf6 24. Rad2 Be7 {The position is equal.} 25. Na3 b6 26. Nc4 (26. Nc2 {is more complex.} Nb5 27. Rxd8+ Rxd8 28. Rxd8+ Bxd8 29. f4) 26... Nxc4 27. Rxd8+ Rxd8 28. Rxd8+ Bxd8 29. bxc4 {[%mdl 4096] Endgame KB-KB} Kf8 30. Kf1 Kg7 31. f4 h5 32. gxh5 gxh5 33. Bf3 Kg6 34. Kg2 Be7 35. Kg3 Bc5 36. e4 Bb4 37. e5 Be1+ 38. Kh3 Kf5 39. Bxh5 Kxf4 40. Bxf7 Kxe5 41. Bd5 Bf2 42. Kg2 Bc5 43. Kf3 Kd4 44. Kf4 Kc3 45. Kf5 Kd2 46. Ke6 Ke1 47. Kd7 {White happily takes the draw. Av CentiPawn Loss W=-12/B=-12. Weighted=-18/-18} 1/2-1/2